Bài tập & bài giải kế toán chi phí
Nội dung gồm các bài tập trắc nghiệm,bài tập tự luận được soạn theo thứ tự của chương trình môn học kế toán
Tallennettuna:
| Päätekijä: | |
|---|---|
| Aineistotyyppi: | Kirja |
| Kieli: | Vietnamese |
| Julkaistu: |
Tp.HCM
Tài chính
2012
|
| Aiheet: | |
| Tagit: |
Lisää tagi
Ei tageja, Lisää ensimmäinen tagi!
|
| Thư viện lưu trữ: | Thư viện Trường Đại học Nam Cần Thơ |
|---|
| LEADER | 03718nam a22004097a 4500 | ||
|---|---|---|---|
| 001 | NCT_16474 | ||
| 008 | 171014b xxu||||| |||| 00| 0 vie d | ||
| 999 | |c 780 |d 780 | ||
| 020 | |c 92000 | ||
| 082 | 1 | 4 | |2 22rd ed. |a 657.42076 |b L462 |
| 100 | 1 | 0 | |a Huỳnh Lợi |
| 245 | 1 | 0 | |a Bài tập & bài giải kế toán chi phí |c Huỳnh Lợi |
| 260 | |a Tp.HCM |b Tài chính |c 2012 | ||
| 300 | |a 366 tr. |c 24 cm | ||
| 520 | 3 | |a Nội dung gồm các bài tập trắc nghiệm,bài tập tự luận được soạn theo thứ tự của chương trình môn học kế toán | |
| 653 | |a Kế toán | ||
| 942 | |2 ddc |c BK | ||
| 952 | |0 0 |1 0 |2 ddc |4 0 |6 657_420760000000000_L462 |7 0 |9 2559 |a 000001 |b 000001 |d 2017-11-03 |o 657.42076 L462 |p MD.07096 |r 2017-11-03 |v 79000.00 |w 2017-11-03 |y BK | ||
| 952 | |0 0 |1 0 |2 ddc |4 0 |6 657_420760000000000_L462 |7 0 |9 2560 |a 000001 |b 000001 |d 2017-11-03 |l 1 |o 657.42076 L462 |p MD.07097 |r 2018-10-08 |s 2018-09-24 |v 79000.00 |w 2017-11-03 |y BK | ||
| 952 | |0 0 |1 0 |2 ddc |4 0 |6 657_420760000000000_L462 |7 0 |9 2561 |a 000001 |b 000001 |d 2017-11-03 |o 657.42076 L462 |p MD.07098 |r 2017-11-03 |v 79000.00 |w 2017-11-03 |y BK | ||
| 952 | |0 0 |1 0 |2 ddc |4 0 |6 657_420760000000000_L462 |7 0 |9 2562 |a 000001 |b 000001 |d 2017-11-03 |o 657.42076 L462 |p MD.07099 |r 2017-11-03 |v 79000.00 |w 2017-11-03 |y BK | ||
| 952 | |0 0 |1 0 |2 ddc |4 0 |6 657_420760000000000_L462 |7 0 |9 2563 |a 000001 |b 000001 |d 2017-11-03 |o 657.42076 L462 |p MD.07100 |r 2017-11-03 |v 79000.00 |w 2017-11-03 |y BK | ||
| 952 | |0 0 |1 0 |2 ddc |4 0 |6 657_420760000000000_L462 |7 0 |9 2564 |a 000001 |b 000001 |d 2017-11-03 |o 657.42076 L462 |p MD.07101 |r 2017-11-03 |v 79000.00 |w 2017-11-03 |y BK | ||
| 952 | |0 0 |1 0 |2 ddc |4 0 |6 657_420760000000000_L462 |7 0 |9 2565 |a 000001 |b 000001 |d 2017-11-03 |l 1 |o 657.42076 L462 |p MD.07102 |r 2021-04-23 |s 2021-04-13 |v 79000.00 |w 2017-11-03 |y BK | ||
| 952 | |0 0 |1 0 |2 ddc |4 0 |6 657_420760000000000_L462 |7 0 |9 2566 |a 000001 |b 000001 |d 2017-11-03 |o 657.42076 L462 |p MD.07103 |r 2017-11-03 |v 79000.00 |w 2017-11-03 |y BK | ||
| 952 | |0 0 |1 0 |2 ddc |4 0 |6 657_420760000000000_L462 |7 0 |9 2567 |a 000001 |b 000001 |d 2017-11-03 |l 1 |o 657.42076 L462 |p MD.07104 |r 2018-11-15 |s 2018-11-01 |v 79000.00 |w 2017-11-03 |y BK | ||
| 952 | |0 0 |1 0 |2 ddc |4 0 |6 657_420760000000000_L462 |7 0 |9 2568 |a 000001 |b 000001 |d 2017-11-03 |o 657.42076 L462 |p MD.07105 |r 2017-11-03 |v 79000.00 |w 2017-11-03 |y BK | ||
| 952 | |0 0 |1 0 |2 ddc |4 0 |6 657_420760000000000_L462 |7 0 |9 2569 |a 000001 |b 000001 |d 2017-11-03 |o 657.42076 L462 |p MD.07106 |r 2017-11-03 |v 79000.00 |w 2017-11-03 |y BK | ||
| 952 | |0 0 |1 0 |2 ddc |4 0 |6 657_420760000000000_L462 |7 0 |9 2570 |a 000001 |b 000001 |d 2017-11-03 |o 657.42076 L462 |p MD.07107 |r 2017-11-03 |v 79000.00 |w 2017-11-03 |y BK | ||
| 952 | |0 0 |1 0 |2 ddc |4 0 |6 657_420760000000000_L462 |7 0 |9 2571 |a 000001 |b 000001 |d 2017-11-03 |o 657.42076 L462 |p MD.07108 |r 2017-11-03 |v 79000.00 |w 2017-11-03 |y BK | ||
| 952 | |0 0 |1 0 |2 ddc |4 0 |6 657_420760000000000_L462 |7 0 |9 2572 |a 000001 |b 000001 |d 2017-11-03 |o 657.42076 L462 |p MD.07109 |r 2017-11-03 |v 79000.00 |w 2017-11-03 |y BK | ||
| 952 | |0 0 |1 0 |2 ddc |4 0 |6 657_420760000000000_L462 |7 0 |9 2573 |a 000001 |b 000001 |d 2017-11-03 |o 657.42076 L462 |p MD.07110 |r 2017-11-03 |v 79000.00 |w 2017-11-03 |y BK | ||
| 952 | |0 0 |1 0 |2 ddc |4 0 |6 657_420760000000000_L462 |7 0 |9 2574 |a 000001 |b 000001 |d 2017-11-03 |o 657.42076 L462 |p MD.07111 |r 2017-11-03 |v 79000.00 |w 2017-11-03 |y BK | ||
| 952 | |0 0 |1 0 |2 ddc |4 0 |6 657_420760000000000_L462 |7 0 |9 2575 |a 000001 |b 000001 |d 2017-11-03 |o 657.42076 L462 |p MD.07112 |r 2018-09-07 |v 79000.00 |w 2017-11-03 |y BK | ||
| 952 | |0 0 |1 0 |2 ddc |4 0 |6 657_420760000000000_L462 |7 0 |9 2576 |a 000001 |b 000001 |d 2017-11-03 |o 657.42076 L462 |p MD.07113 |r 2017-11-03 |v 79000.00 |w 2017-11-03 |y BK | ||
| 952 | |0 0 |1 0 |2 ddc |4 0 |6 657_420760000000000_L462 |7 0 |9 2577 |a 000001 |b 000001 |d 2017-11-03 |o 657.42076 L462 |p MD.07114 |r 2017-11-03 |v 79000.00 |w 2017-11-03 |y BK | ||
| 980 | |a Thư viện Trường Đại học Nam Cần Thơ | ||